VTuberのママ(デザインを担当した人) - Statistics

General Stats
  • This quiz has been taken 27 times
    3 since last reset
  • The average score is 7 of 39
Answer Stats
にじさんじ ホロライブ ぶいすぽっ Answer % Correct
- 大空スバル 千燈ゆうひ しぐれうい
100%
笹木咲(大人ver.) 沙花叉クロヱ 夢野あかり パセリ
100%
椎名唯華 猫又おかゆ - 神岡ちろる
100%
空星きらめ 天音かなた - おしおしお
100%
五十嵐梨花ペトラ・グリン 博衣こより 銀城サイネ ももこ
100%
西園チグサ 大神ミオ 猫汰つな 泉彩
50%
花畑チャイカグウェル・オス・ガール 大道シノヴ - ikuyoan
50%
魔界ノりりむレイン・パターソン 不知火フレアアルランディス - lack
50%
珠乃井ナナ - 美暮ナリン necömi
50%
リゼ・ヘルエスタ Omegaα 紡木こかげ 藤ちょこ
0%
ニュイ・ソシエール - 夜乃くろむ カンザリン
0%
- 兎田ぺこら 小森めと 憂姫はぐれ
0%
早乙女ベリー - 白波らむね
0%
獅子堂あかり セレス・ファウナ 藍沢エマ 遠坂あさぎ
0%
相羽ういはチェ・アラ - 如月れん 東西
0%
- 森カリオペ 空澄セナ 雪醒/ゆきさめ
0%
イ・シウ 白上フブキ - 凪白みと
0%
シェリン・バーガンディ光一 戌神ころね - フカヒレ
0%
ナ・セラ 雪花ラミィ - リン☆ユウ
0%
イ・ロハ 獅白ぼたん - トマリ
0%
夜見れなリュ・ハリ ベスティア・ゼータ - あるてら
0%
瀬戸美夜子健屋花那 シオリ・ノヴェラ - かやはら
0%
蝸堂みかる フワワ・アビスガードモココ・アビスガード - イコモチ
0%
でびでび・でびる語部紡 白砂あやね 水面まどか ジジ・ムリン 龍巻ちせ 巻羊
0%
加賀美ハヤトヴェール ヴァーミリオン 律可 - 冬臣
0%
ユウ Q ウィルソン 夕刻ロベル - めばる
0%
白雪巴ヘックス へイワイヤー 影山シエン - 生川
0%
甲斐田晴 万象院ハッカ - あいるむ
0%
四季凪アキラ 鏡見キラ - 野崎つばた
0%
魁星 緋崎ガンマ - 滝田ちひろ
0%
小々波いるか - 花芽すみれ花芽なずな みすみ
0%
- 桃鈴ねね 紫宮るな 西沢5㍉
0%
- 轟はじめ 一ノ瀬うるは Aちき
0%
城瀬いすみ セシリア・イマーグリーン 甘結もか DSマイル
0%
- ネリッサ・レイヴンクロフト 青月レミア EB十
0%
- 魔乃アロエ ソラリリコ Guchico
0%
佐伯イッテツ 水無世燐央 - KEKI
0%
ミスタ・リアス闇ノシュウ 荒咬オウガ - 吠L
0%
ヴォックス・アクマファルガー・オーヴィド クレイジー・オリー 蝶屋はなび LAM
0%
No matching quizzes found
Score Distribution
Percent of People with Each Score
Percentile by Number Answered
Your Score History
You have not taken this quiz since the last reset